000 00746nam a2200217Ia 4500
005 20221123131621.0
008 131103s9999 xx 000 0 und d
020 _a0-14-043412-7
_cRs. 365.76
040 _aLoreto College
041 _aEnglish
082 _a821.8
_bBRO
245 _aElizabeth Barrett Browning
_b Aurora Leigh and other poems.
_cEdited by John Robert Glorney Bolton and Julia Bolton Holloway.
260 _aLondon
_bPenguin Books
_c1995
300 _axx,517p., 19.5cm.
440 _aPenguin selected English poets
504 _aIncludes notes on individual poems,index of titles and first lines.
650 _aBrowning, Elizabeth Barrett
700 _aBolton, John Robert Glorney, ed.
850 _aLCLIB
942 _cBK
999 _c2083
_d52562